02404nam a22002057a 4500003000400000005001700004008004100021020001800062100038500080245004000465250001900505260007900524300003200603520131500635650002601950650002301976942001601999952016802015999001502183OSt20251210170019.0251210b |||||||| |||| 00| 0 spa d a9789978103968 aPatricio Guerrero ; Marco Rubio ; Diego Velasco ; Cesar Lutuala ; Germania Anguieta ; Salomón Acosta ; José Chala ; José Juncosa ; Fernando Rosero ; Gabriela López ; Isabel Rohn ; Victoria Zambonino ; María Gabriela Guevara ; Eloísa Crbonell ; Mario Ojeda ; Raúl Peñafiel ; Victoria Rodríguez ; Juan Ubilla ; Freddy Simbaña ; María Fernanda Tanai ; Iris Pico aPatrimonio inmaterial en el Ecuador a1ra Edición  aQuito - Ecuadorb Universidad Politécnica Salesiana ; Abya-Yala,c 2020 a243 páginasbablasc21 cm aLas tradiciones, en contextos de fragilidades geopolíticas, se han visto afectadas por prácticas oculturizantes. Estas, unidas al consumismo y al mercantilismo, pasan, de manera silenciosa, a la trastienda del imperio monocultural. Con la Declaratoria del Patrimonio Inmaterial realizada en la convención de París, en 2003, y ratificada por Ecuador en 2005, se crea una mayor conciencia sobre la importancia de salvaguardar la memoria social y patrimonio colectivo de los pueblos. El presente texto documenta la participación ciudadana en esa tarea de cuidar los saberes y prácticas que son parte de la vida cotidiana de las comunidades, ciudades, pueblos y colectivos; por tanto, parte del patrimonio inmaterial y legado cultural para las presentes y futuras generaciones. Desde la academia, con actores de pueblos, docentes y funcionarios públicos, este libro reflexiona sobre el tema. Frente al inexistente diálogo y pese a la poca documentación existente, este diálogo se convierte en una antesala para la concreación de la Ley Orgánica de Cultura con régimen especial para el patrimonio cultural inmaterial en el Ecuador (2016) y su reglamento (2017). Con esto, la política pública habilita la gestión responsable en torno al cuidado del patrimonio inmaterial en el país. aANTROPOLOGIA CULTURAL aPOLITICAS PUBLICAS 2ddccBKAn0 00102ddc40708F02aISUSbISUScBiblioteca Abiertad2025-12-10i0446l0oPatrimonio inmaterial en el EcuadorpBIBLIO0446r2025-12-10 17:03:24t1w2025-12-10yBKA c2016d2016